Statistieken voor Het alfabet - snel typen

Klik hier om de quiz te nemen!

Algemene statistieken

  • Deze quiz is 88 keer genomen
  • De gemiddelde score is 20 van 26

Antwoordstatistieken

HintAntwoord% Correct
1a
100%
2b
87%
3c
87%
4d
82%
5e
82%
6f
82%
7g
82%
8h
82%
9i
79%
10j
79%
11k
79%
12l
79%
13m
79%
14n
77%
15o
74%
16p
74%
17q
74%
18r
74%
19s
69%
20t
69%
21u
69%
22v
67%
23w
62%
24x
54%
25y
54%
26z
54%

Scoreverdeling

Percentiel versus Aantal Correcte Antwoorden

Procent van Mensen met Elke Score

Uw Scoregeschiedenis

U heeft deze quiz nog niet genomen